| 000 | 00668nam a2200217 a 4500 | ||
|---|---|---|---|
| 001 | ES-MaREB00602810-6 | ||
| 003 | OSt | ||
| 005 | 20150209092927.0 | ||
| 008 | 031219s1973 esp 0001 spa d | ||
| 040 | _cBMC | ||
| 082 | _a808.0689 | ||
| 100 | 1 |
_aPohl, Frederik _931361 _d1919-2013 |
|
| 245 | 1 | 0 |
_aMercaderes del espacio _cFrederik Pohl, C. M. Kornbluth ; [traducción, Luis Domenech] |
| 250 | _a2ª ed | ||
| 260 |
_aBuenos Aires _bMinotauro _c1973 |
||
| 300 |
_a212 p. _c20 cm |
||
| 546 | _aTraducción de: The space merchants | ||
| 650 | 2 | 4 |
_929320 _aCuento de ciencia ficción |
| 700 | 1 |
_aKornbluth, C. M. _931362 _d1924-1958 |
|
| 942 |
_2ddc _cBK _hahoj |
||
| 999 |
_c18314 _d18314 |
||